[Event "Biel"]
[Site "39"]
[Date "2006.07.27"]
[Round "4"]
[White "Morozevich, Alexander"]
[Black "Radjabov, Teimour"]
[Result "1-0"]
[WhiteElo "2731"]
[BlackElo "2728"]
[Annotator "JvR"]
[PlyCount "183"]
[EventDate "2006.07.24"]
[SourceDate "2013.10.27"]

1. e4 c5 2. Nf3 Nc6 3. Nc3 e5 4. Bc4 Be7 5. d3 Nf6 6. O-O d6 7. h3 O-O 8. a3 a6
9. Ba2 b5 10. Nd5 a5 $5 ({Known is} 10... Nxd5 11. Bxd5 Bd7) 11. c3 a4 12. d4
c4 13. Re1 Re8 14. Nxe7+ Qxe7 15. Bg5 h6 $1 16. Bh4 Bb7 17. Bb1 Na5 18. Bc2 Nb3
19. Rb1 Qe6 20. Bg3 Rad8 21. Re3 Nh5 22. Bh4 Rd7 23. d5 Qg6 24. Kh2 Bc8 25. Ng1
Rc7 26. Ne2 Nf4 $6 (26... Nc5 $1 {gains a plus.}) 27. Nxf4 exf4 28. Re1 Re5 29.
Qf3 f5 $5 30. Qxf4 Rf7 $6 31. Bg3 $1 fxe4 32. Qh4 Rg5 33. Rxe4 {
White has gained a pawn.} Kh7 $6 34. Rbe1 $1 Nc5 35. f4 $2 (35. Rg4 $1 Nd3 36.
Rxg5 Qxg5 37. Qxg5 hxg5 {(Cebalo)} 38. Re8 {wins for White.}) 35... Rxd5 36.
Qd8 Rd2 37. Qxc8 Rxc2 38. Re8 Qf5 39. Rh8+ Kg6 40. Qg8 Kh5 41. Qe8 Qd7 42. Qe3
Qf5 43. Qf3+ Kg6 44. Qc6 Ne6 $6 45. Rd1 $1 Rxb2 $5 46. Rxd6 Re7 47. Re8 $6 (47.
Qa8 $1 Re2 48. Rf8 Qe4 49. f5+ {wins for White.}) 47... Kf7 48. Rxe7+ Kxe7 49.
Qd7+ Kf6 50. Bh4+ g5 51. fxg5+ hxg5 52. Qd8+ Kg6 53. Qg8+ Kf6 54. Bxg5+ $1 Ke5
55. Rd2 $2 (55. Rd1 Nxg5 56. Rd5+ {wins for White.}) 55... Rxd2 56. Bxd2 Qd3
57. Be1 Qe3 58. Bg3+ Kf6 59. Bh4+ Ke5 60. Qb8+ Ke4 61. Qxb5 Qxc3 62. Qc6+ Ke5
63. Qxa4 Nd4 64. Qe8+ Kd5 65. Qd7+ Ke4 66. Qh7+ Nf5 67. Qb7+ Ke5 68. Qb5+ Ke6
69. Qc6+ Nd6 70. Bg3 Qxa3 71. h4 Qd3 72. h5 Qd5 73. Qxd5+ Kxd5 74. Bf4 c3 75.
g4 c2 76. Kg3 Ne4+ 77. Kf3 Nf6 78. Bd2 Ke6 79. Kf4 Nd5+ $2 ({Right is} 79...
Nd7 $1 80. g5 Nc5 $1 {drawn.}) 80. Kg5 $1 Nf6 81. Bc1 $1 Kf7 82. Kf5 Nd5 83. g5
Ne7+ 84. Ke5 Nc6+ 85. Ke4 Ne7 86. Kf3 Ke6 87. Kg4 Kf7 88. Bb2 $1 Ke6 89. g6 Ng8
90. Kg5 Nf6 91. h6 Ne4+ 92. Kh4 {Morozevich and Carlsen joined the lead.} 1-0

[Event "Biel"]
[Site "39"]
[Date "2006.07.28"]
[Round "5"]
[White "Carlsen, Magnus"]
[Black "Volokitin, Andrei"]
[Result "0-1"]
[WhiteElo "2675"]
[BlackElo "2662"]
[Annotator "JvR"]
[PlyCount "64"]
[EventDate "2006.07.24"]
[SourceDate "2013.10.27"]

1. Nf3 Nf6 2. c4 c5 3. Nc3 Nc6 4. d4 cxd4 5. Nxd4 e6 6. g3 Qb6 7. Nb3 Ne5 8. e4
Bb4 9. Qe2 d6 10. f4 Nc6 11. Be3 Bxc3+ 12. bxc3 Qc7 13. Bg2 O-O 14. O-O b6 15.
Nd4 Nxd4 16. cxd4 Ba6 17. Rac1 $2 {Carlsen protects his weakness.} (17. e5 $1
Bxc4 18. Rfc1 Bxe2 19. Rxc7 Nd5 {drew in Cvetkovic - Lanka, Trnava1989.}) 17...
Rac8 18. e5 Nd5 $1 19. Bxd5 exd5 20. f5 $5 {
Carlsen charges in the central area.} dxc4 $6 (20... dxe5 $5 21. f6 g6 22. Qg4
dxc4 23. Qg5 Kh8 24. Rf5 Bb7 25. Rxe5 Rg8 {favours Black.}) 21. f6 g6 22. Qg4
$2 ({Better is} 22. e6 $1 fxe6 23. Bh6 Rf7 24. Qxe6 Qd7 25. d5 $1 {
and White has a counter-attack (Volokitin).}) 22... Qc6 $1 {
Black has a decisive counter.} 23. Rf4 dxe5 24. dxe5 Bb7 $1 25. Qh3 Rfe8 26.
Kf2 Rxe5 27. Rcxc4 Qxc4 28. Rxc4 Rxc4 29. Qd7 Rc2+ 30. Kg1 Bc6 31. Qd4 Rd5 32.
Qg4 h5 {Carlsen lost the lead.} 0-1

[Event "Biel"]
[Site "39"]
[Date "2006.07.28"]
[Round "5"]
[White "Pelletier, Yannick"]
[Black "Morozevich, Alexander"]
[Result "0-1"]
[WhiteElo "2583"]
[BlackElo "2731"]
[Annotator "JvR"]
[PlyCount "80"]
[EventDate "2006.07.24"]
[SourceDate "2013.10.27"]

1. d4 d5 2. Nf3 Nf6 3. c4 c6 4. Nc3 a6 5. Qb3 e6 6. Bg5 dxc4 7. Qxc4 b5 8. Qb3
Nbd7 9. Rd1 Qa5 10. Bd2 Qb6 $5 ({Usual is} 10... Qc7) 11. e4 c5 $1 12. e5 $1
Ng4 $5 13. h3 $1 cxd4 $1 14. Nd5 $5 ({More solid is} 14. hxg4 dxc3 15. Bxc3 {
(Morozevich).}) 14... exd5 15. hxg4 Qe6 $1 16. Be2 Nc5 17. Nxd4 $5 Qxe5 18. Qe3
Qxe3 19. Bxe3 Na4 {Black has little advantage.} 20. Nf5 $2 (20. Bc1 $1 {
protects a weakness.}) 20... Nxb2 21. Rxd5 Be6 22. Rd2 Nc4 23. Bxc4 Bxc4 {
Black has a positional edge.} 24. Bd4 O-O-O $1 25. Bc3 Bc5 26. Nxg7 Rxd2 27.
Kxd2 Rd8+ 28. Kc2 b4 $5 29. Bf6 Rd7 30. Rc1 Kb7 31. Kb1 Bd3+ 32. Kb2 Bxf2 33.
Kb3 a5 34. a3 bxa3 35. Kxa3 Be4 36. Nf5 Rd3+ 37. Kb2 a4 38. Rc3 Rxc3 39. Bxc3
Bc5 40. Nh4 Kc6 {Morozevich took the lead.} 0-1

[Event "Biel"]
[Site "39"]
[Date "2006.07.28"]
[Round "5"]
[White "Radjabov, Teimour"]
[Black "Bruzon Batista, Lazaro"]
[Result "1-0"]
[WhiteElo "2728"]
[BlackElo "2226"]
[Annotator "JvR"]
[PlyCount "85"]
[EventDate "2006.07.24"]
[SourceDate "2013.10.27"]

1. d4 Nf6 2. c4 e6 3. Nf3 d5 4. Nc3 c6 5. Bg5 Nbd7 6. e3 Be7 7. cxd5 exd5 8.
Bd3 O-O 9. Qc2 Re8 10. O-O Nf8 11. h3 g6 12. Bf4 Ne6 13. Be5 Ng7 14. Rab1 Bf5
15. b4 a6 16. a4 $5 Bxd3 17. Qxd3 b5 $5 18. Rfc1 Nf5 19. e4 $5 dxe4 20. Nxe4
Nxe4 21. Qxe4 Qd5 22. Qxd5 cxd5 23. axb5 axb5 {The chances are about equal.}
24. Rc6 $1 {White plays for a win.} Ra2 25. Rb6 f6 $1 26. Bh2 $5 Bxb4 $6 (26...
Rea8 $1 27. g4 R8a3 $1 28. gxf5 Rxf3 29. fxg6 Rfxf2 30. gxh7+ Kxh7 {
draws (Bruzon).}) 27. g4 $1 Ba5 $2 ({The sacrifice} 27... Nxd4 $5 28. Nxd4 Bc5
29. Re6 Rxe6 30. Nxe6 Bxf2+ 31. Kh1 {(Radjabov)} d4 $1 {
delivers a fine resistance.}) 28. Ra6 $1 Ng7 29. Rxb5 Ra3 30. Kg2 Bb4 31. Rxa3
Bxa3 32. Rxd5 Be7 33. Ra5 $1 Rd8 34. d5 $1 Bb4 35. Rb5 Bc3 36. Kf1 $1 h5 37.
Ke2 hxg4 38. hxg4 Ra8 39. Rb3 Ba5 40. Nd4 Re8+ 41. Kd3 Be1 42. d6 Rd8 43. Rb7 {
The standings after one cycle became: Morozevich 4/5, Radjabov 31/2, Carlsen 3,
Volokitin 2, Bruzon 11/2, Pelletier 1.} 1-0

[Event "Biel"]
[Site "39"]
[Date "2006.07.30"]
[Round "6"]
[White "Morozevich, Alexander"]
[Black "Bruzon Batista, Lazaro"]
[Result "1-0"]
[WhiteElo "2731"]
[BlackElo "2226"]
[Annotator "JvR"]
[PlyCount "83"]
[EventDate "2006.07.24"]
[SourceDate "2013.10.27"]

1. e4 e5 2. Nf3 Nc6 3. Bb5 a6 4. Ba4 Nf6 5. O-O Be7 6. Re1 b5 7. Bb3 d6 8. c3
O-O 9. h3 Na5 10. Bc2 c5 11. d4 Qc7 12. a3 Bd7 13. b4 $5 ({The alternative is} 
13. b3) 13... cxb4 14. axb4 Nc4 15. Nbd2 Nb6 16. Ra3 Rfc8 17. Bb2 a5 $5 18.
Rxa5 Rxa5 19. bxa5 Na4 20. Bxa4 bxa4 21. Ba3 $1 Qxc3 (21... exd4 $5 22. cxd4
Qxa5 23. e5 Ne8 {regains the pawn at once (Morozevich).}) 22. Nb1 Qc6 $1 23.
dxe5 Nxe4 24. exd6 Bf6 $1 25. Qd3 Nc5 26. Qe3 Nb3 27. Nbd2 Re8 28. Ne4 Bd8 29.
Nd4 Nxd4 $5 30. Qxd4 f6 31. Re3 Bxa5 $1 {The pawn has been captured at last.}
32. Nxf6+ $5 {Morozevich charges.} gxf6 33. Rg3+ Kf7 34. Qh4 $1 Re1+ 35. Kh2
Qe4 $2 {Black blunders a piece.} ({Correct is} 35... Qb5 $1 36. Qxh7+ Ke6 37.
Qe7+ Kd5 38. Qxf6 Bd2 39. Qf3+ Kd4 $1 40. Qf6+ Kd5 {
and a sharp line leads to a repetition of moves.}) 36. Qh5+ $1 Ke6 37. Qxa5 Qb1
38. Rg7 Rh1+ 39. Kg3 Qd3+ 40. f3 $1 Qb5 41. Re7+ Kf5 42. Qc7 {
Morozevich increased his lead.} (42. Qc7 Bc6 43. Qc8+ Bd7 44. Qc2+ {
will mate soon.}) 1-0

[Event "Biel"]
[Site "39"]
[Date "2006.07.31"]
[Round "7"]
[White "Morozevich, Alexander"]
[Black "Carlsen, Magnus"]
[Result "0-1"]
[WhiteElo "2731"]
[BlackElo "2675"]
[Annotator "JvR"]
[PlyCount "100"]
[EventDate "2006.07.24"]
[SourceDate "2013.10.27"]

1. e4 c5 2. Nf3 Nc6 3. Bb5 Nf6 4. Bxc6 dxc6 5. d3 Nd7 6. Bf4 $5 ({Usual is} 6.
e5) 6... g6 7. Qc1 Bg7 $5 8. Bh6 Qa5+ $1 9. c3 Ne5 $5 {
Castling would have been simplier.} 10. Nxe5 Bxe5 11. Nd2 Qa6 12. Qc2 Be6 13.
f4 Bc7 14. O-O f6 15. c4 $1 O-O-O 16. a4 $1 {White has the initiative.} Rd7 17.
a5 $1 Rhd8 18. Ra3 $1 Bxa5 $6 {Carlsen makes a risky move!} 19. f5 $1 Bf7 20.
fxg6 $5 hxg6 $5 21. e5 $1 Be6 22. exf6 exf6 23. Nb3 Rxd3 24. Nxc5 Bb6 $6 ({Or} 
24... Qxc4 25. Qxc4 Bxc4 26. Nxd3 Bb6+ 27. Nf2 Bxf1 28. Kxf1 Bd4 {
and Black has lost material.}) 25. Rxa6 Bxc5+ 26. Kh1 bxa6 27. Bg7 $4 {
The tables turn.} (27. b4 $1 Bb6 28. Qe2 {wins for White (Carlsen).}) 27... Bg4
$1 {Carlsen will defeat Morozevich again.} 28. b4 $1 Be3 $1 ({
He avoids the trap} 28... Rd1 $2 29. Rxd1 Rxd1+ 30. Qxd1 Bxd1 31. bxc5) 29. h3
Rd1 30. Rxd1 Rxd1+ 31. Kh2 Bf4+ 32. g3 Rd2+ $1 ({Carlsen notices} 32... Bf3 $4
33. gxf4 {timely.}) 33. Qxd2 Bxd2 34. hxg4 Bxb4 35. Bxf6 a5 {
The bishop ending is won easily.} 36. Kg2 Kd7 37. Kf3 Bd6 $1 38. Ke4 Bxg3 39.
Kd3 Ke6 40. Bd4 a6 41. Kc2 a4 42. Kb1 Be5 43. Bf2 Kd6 44. Ka2 Bc3 45. Ka3 Ke5
46. Kxa4 Kf4 47. Bb6 Kxg4 48. Ba5 Bxa5 49. Kxa5 Kf4 50. Kb6 a5 {
Morozevich led by half-a-point on Carlsen and Radjabov.} 0-1

[Event "Biel"]
[Site "39"]
[Date "2006.08.01"]
[Round "8"]
[White "Volokitin, Andrei"]
[Black "Morozevich, Alexander"]
[Result "0-1"]
[WhiteElo "2662"]
[BlackElo "2731"]
[Annotator "JvR"]
[PlyCount "118"]
[EventDate "2006.07.24"]
[SourceDate "2013.10.27"]

1. e4 e5 2. Nf3 Nc6 3. Bb5 a6 4. Ba4 Nf6 5. O-O Be7 6. Re1 b5 7. Bb3 d6 8. c3
O-O 9. h3 Re8 10. d4 Bb7 11. Nbd2 Bf8 12. a4 Na5 13. Ba2 exd4 $5 ({Theory is} 
13... c5) 14. cxd4 c5 15. b4 $6 (15. d5 $1 {
will be played in Karjakin - Shirov, Khanty Mansiysk 2007.}) 15... cxb4 16. Ng5
$5 Nc4 $1 17. axb5 axb5 18. Nxc4 Rxa2 $1 {
Black delivers a positional sacrifice.} 19. Rxa2 bxc4 20. Qa4 b3 21. Rae2 Qc7
$6 (21... d5 $1 {gains a plus.}) 22. d5 Rb8 23. Re3 Nd7 24. Rc3 Nc5 $1 25. Rxc4
$5 h6 26. Nf3 Qb6 27. Qa1 f5 $1 28. Be3 fxe4 29. Rxe4 Bxd5 30. Bxc5 $2 ({
Better is} 30. Rd4) 30... dxc5 31. R4e3 b2 32. Qb1 Qa7 33. Re8 $2 ({Correct is
} 33. Qc2) 33... Ba2 34. Qxa2+ Qxa2 35. Rxb8 c4 36. Nd4 c3 37. Ne6 $5 Qxe6 $5
38. Rxe6 c2 39. Reb6 c1=Q+ 40. Kh2 Qf4+ 41. Kg1 Qc1+ 42. Kh2 Kh7 43. Rxb2 Bc5
44. R8b3 $6 (44. R8b5 $1 Bd4 45. Re2 Qf1 46. Rbb2 $1 Bxb2 47. Rxb2 {
tries to survive (Kuzmin).}) 44... Qe1 $1 45. Kg3 Bd4 46. Rb1 Qxf2+ 47. Kh2
Be5+ 48. Kh1 Qf4 49. Kg1 Qh2+ 50. Kf2 Bd4+ 51. Kf3 h5 52. Rb5 Kh6 53. Rd5 Ba7
54. Rbd1 h4 55. R5d2 Qe5 56. Rd6+ g6 57. R1d3 Qg3+ 58. Ke2 Qxg2+ 59. Kd1 Bb8 $1
{Motozevich increased his lead to one point.} 0-1

[Event "Biel"]
[Site "39"]
[Date "2006.08.02"]
[Round "9"]
[White "Morozevich, Alexander"]
[Black "Pelletier, Yannick"]
[Result "1-0"]
[WhiteElo "2731"]
[BlackElo "2583"]
[Annotator "JvR"]
[PlyCount "67"]
[EventDate "2006.07.24"]
[SourceDate "2013.10.27"]

1. e4 e6 2. d4 d5 3. Nc3 dxe4 4. Nxe4 Nd7 5. Bd3 Ngf6 6. Nxf6+ Nxf6 7. Bg5 c5
8. dxc5 Bxc5 9. Nf3 h6 10. Bh4 O-O 11. Qd2 $5 b6 12. O-O-O Bb7 13. Rhe1 Be7 14.
Ne5 Nd5 15. Bxe7 Qxe7 16. a3 Rad8 (16... Qg5 $5 17. Qxg5 hxg5 {
happened two weeks later in the rapid game Morozevich - Meier, Mainz 2006.})
17. f4 Nf6 18. c4 Qc7 19. b4 $5 {He wants to attack.} Nd7 20. Kb2 Nxe5 21. fxe5
Kh8 $6 (21... a5 $1 {counters.}) 22. Qe3 Rd7 $6 23. g4 $1 Rfd8 $6 24. g5 $1
hxg5 ({The alternative is} 24... h5 $5 25. g6 $1 Kg8 26. gxf7+ Rxf7) 25. Qh3+
$1 Kg8 26. Qh7+ Kf8 27. Re3 $1 {A rook joins the attack.} g4 28. Qh8+ Ke7 29.
Qxg7 Bf3 $2 ({Better is} 29... Rd4 30. h3 Rf8 {and Black prolongs the game.})
30. Bg6 $1 Rf8 ({Or} 30... Rd2+ 31. Kc3 Rc2+ $1 32. Kxc2 Bxd1+ 33. Kc3 Ke8 34.
Qg8+ Kd7 35. Qxf7+ Kc8 36. Qxe6+ {and White wins (Ftacnik).}) 31. Rxd7+ Qxd7
32. Rd3 $1 Qc8 33. Qf6+ Ke8 34. Rd6 $1 {
Morozevich had won the tournament after seven wins and two losses!} 1-0

[Event "Biel"]
[Site "39"]
[Date "2006.08.02"]
[Round "9"]
[White "Volokitin, Andrei"]
[Black "Carlsen, Magnus"]
[Result "1-0"]
[WhiteElo "2662"]
[BlackElo "2675"]
[Annotator "JvR"]
[PlyCount "77"]
[EventDate "2006.07.24"]
[SourceDate "2013.10.27"]

1. e4 c5 2. Nf3 d6 3. d4 cxd4 4. Nxd4 Nf6 5. Nc3 Nc6 6. Bg5 g6 7. Bxf6 exf6 8.
Bc4 Bg7 9. Ndb5 O-O 10. Qxd6 f5 11. O-O-O Qa5 12. Qc7 {
White forces an exchange of queens and obtains the initiative.} fxe4 $5 (12...
Bxc3 $5 13. bxc3 a6 {
will be played in Carlsen - Gurevich, Rishon Le Ziyyon 2006 (blitz).}) 13. Qxa5
Nxa5 14. Bd5 Bg4 15. Rde1 Rad8 $2 ({Preferable is} 15... a6 $1 16. Nd6 Bxc3 17.
bxc3 Rad8 18. Nxe4 Kg7) 16. Rxe4 Bf5 17. Ra4 $1 b6 18. Rd1 a6 19. Nd4 Bd7 20.
Rb4 b5 21. Nf3 $1 Nc6 22. Re4 b4 23. Bxc6 Bxc6 24. Rxb4 {
White has gained a pawn. Black has the two bishops.} Bh6+ 25. Kb1 Rxd1+ 26.
Nxd1 Bxf3 27. gxf3 Rd8 28. Nc3 Rd2 {
Black has positional compensation for two pawns.} 29. a4 Rxf2 30. Rb6 a5 31.
Nd5 $2 {Pawn a5 should be attacked immediately.} Rxh2 32. Rb5 Bd2 $6 (32...
Rh1+ 33. Ka2 Bf8 $1 34. b4 axb4 35. a5 h5 36. Nf6+ $1 Kg7 37. Nd7 Rd1 38. Nxf8
Kxf8 39. a6 Rd7 40. Ra5 Ra7 41. Kb3 Ke7 42. Kxb4 Kd6 43. Kb5 Kc7 44. Ra4 {
leads to a great advantage for White (Volokitin).}) 33. c4 $1 h5 34. c5 $1 Rh1+
35. Kc2 Bh6 36. f4 Bf8 37. Rb8 Rh2+ 38. Kd3 Rh3+ 39. Kc4 {
Volokitin had defeated Carlsen for the second time.} 1-0

[Event "Biel"]
[Site "39"]
[Date "2006.08.03"]
[Round "10"]
[White "Carlsen, Magnus"]
[Black "Bruzon Batista, Lazaro"]
[Result "1-0"]
[WhiteElo "2675"]
[BlackElo "2226"]
[Annotator "JvR"]
[PlyCount "97"]
[EventDate "2006.07.24"]
[SourceDate "2013.10.27"]

1. e4 e5 2. Nf3 Nc6 3. Bb5 a6 4. Ba4 Nf6 5. O-O Be7 6. d3 d6 7. c3 O-O 8. Nbd2
b5 9. Bc2 Bb7 10. Re1 Re8 11. Nf1 Bf8 12. Bg5 h6 13. Bh4 Nb8 $5 14. Ne3 Nbd7
15. a4 g6 16. b4 Bg7 17. Bb3 c6 18. g4 $5 Qc8 $5 19. g5 Nh7 $5 20. gxh6 Bxh6
21. Kh1 Ndf6 22. Rg1 Kf8 23. Ng5 Nxg5 24. Bxg5 Bxg5 25. Rxg5 Qh3 {
The chances are equal.} 26. Rg3 Qh5 27. Qf1 Ke7 28. f4 $1 Rh8 29. Ra2 Rh7 30.
f5 g5 31. Qg2 c5 32. axb5 axb5 33. Rxa8 Bxa8 34. Qa2 $1 c4 $2 {
Black loses time.} ({Correct is} 34... Bc6 35. bxc5 dxc5 36. Qa7+ Kd6) 35. Bd1
$1 Qh4 36. Qa7+ Kf8 $5 37. Qxa8+ {White has gained a piece.} Kg7 38. Nf1 $1
cxd3 39. Bf3 d2 40. Kg1 $1 Nxe4 41. Qd5 $1 Nxg3 42. f6+ $1 Kxf6 43. Qxd6+ Kg7
44. Qxe5+ f6 45. Qe7+ Kg6 46. Qe8+ Kg7 47. hxg3 $1 Qc4 48. Qe7+ Kg8 49. Qd8+ {
The final standings became: Morozevich 71/2/10, Carlsen and Radjabov 6,
Volokitin and Pelletier 4, Bruzon Batista 21/2.} 1-0

[Event "Biel"]
[Site "40"]
[Date "2007.07.23"]
[Round "1"]
[White "Carlsen, Magnus"]
[Black "Bu Xiangzhi"]
[Result "1-0"]
[WhiteElo "2710"]
[BlackElo "2685"]
[Annotator "JvR"]
[PlyCount "167"]
[EventDate "2007.07.23"]
[SourceDate "2013.10.27"]

{The fortieth Schachfestival was played from 23 vii until 3 viii 2007. Ten
grandmasters participated in the Jubilee event.} 1. d4 d5 2. c4 c6 3. Nc3 Nf6
4. e3 g6 5. Nf3 Bg7 6. Be2 O-O 7. O-O a6 8. b3 Ne4 9. Bb2 Nxc3 10. Bxc3 Bg4 11.
h3 Bxf3 12. Bxf3 e6 13. Qd2 $5 ({Known is} 13. Qc2) 13... Re8 14. Ba5 $1 Qe7
15. Rac1 Nd7 16. Qb4 Qxb4 17. Bxb4 a5 18. Bd2 dxc4 $5 19. bxc4 e5 $1 20. d5 $5
e4 21. Be2 Red8 22. Rfd1 cxd5 23. cxd5 Nf6 24. Be1 $1 Nxd5 $6 ({Preferable is} 
24... Rxd5 25. Rxd5 Nxd5) 25. Rc5 Nb4 26. Rxa5 $1 Nc2 27. Bd2 Rxa5 28. Bxa5 Ra8
29. Rd5 Bf8 $2 (29... Na3 $1 30. Bd1 Nc4 31. Bb4 Bf8 {
defends properly (Bu Xiangzhi).}) 30. Bd1 $1 Nb4 31. Bxb4 Bxb4 32. Bb3 {
White controls the centre.} b6 33. Rd7 $1 Rf8 34. g4 g5 35. Rb7 Bc5 36. Bd5 Kg7
37. Kf1 ({Not} 37. Bxe4 Re8 38. Bd5 Re7 $1) 37... h6 38. Ke2 Kf6 39. a4 Kg7 40.
Rc7 Bb4 41. Bxe4 $1 {White captures the pawn at the right moment.} Rd8 42. Bd3
Kf8 43. Rb7 Rd6 44. Bc4 Rf6 45. Bd5 Be7 46. f3 Bb4 47. Kd3 Be1 48. Ke4 Bg3 49.
Bc4 Be1 50. f4 {He advances slowly.} gxf4 51. exf4 Bg3 52. f5 Be1 53. Bd5 Kg7
54. Kd4 h5 55. Kc4 hxg4 56. hxg4 Bf2 57. Be6 $5 Be3 58. Kd5 Kf8 59. Ke5 Kg7 60.
Ke4 Bd2 61. Kd3 Bf4 62. Kc4 Kf8 63. Bd5 Be3 64. Kb5 Kg7 65. Be6 Kf8 66. Bc4 Bf2
67. Bd5 Kg7 68. Bc6 $1 Kh6 69. Rxb6 $1 {A sacrifice decides the game.} Kg5 $5
70. a5 $1 Rd6 ({Or} 70... Kxg4 71. Be4 $1) 71. Rb7 Kxg4 72. Rxf7 Kg5 73. Rd7 $1
Rh6 {The exchange of rooks is hopeless too.} 74. Be4 Rh8 75. a6 Rb8+ 76. Kc4
Kf4 77. Re7 Rc8+ 78. Kd3 Rd8+ 79. Ke2 Bd4 80. Bd3 Bc5 81. Re6 Rh8 82. f6 Rh2+
83. Kd1 Rh6 84. f7 $1 {The youngster started with a fine win.} 1-0

[Event "Biel"]
[Site "40"]
[Date "2007.07.23"]
[Round "1"]
[White "Van Wely, Loek"]
[Black "Polgar, Judit"]
[Result "0-1"]
[WhiteElo "2680"]
[BlackElo "2707"]
[Annotator "JvR"]
[PlyCount "80"]
[EventDate "2007.07.23"]
[SourceDate "2013.10.27"]

1. d4 Nf6 2. c4 e6 3. Nf3 b6 4. g3 Bb7 5. Bg2 Be7 6. O-O O-O 7. d5 Na6 8. Nd4
exd5 9. Nc3 c6 10. cxd5 Nxd5 11. Nxd5 cxd5 12. Nf5 Bf6 13. Bxd5 Bc6 $5 ({
Known is} 13... Bxd5 14. Qxd5 Nc7) 14. Qb3 $5 {White loses time.} ({Better is} 
14. e4 $1) 14... Nc5 15. Qf3 Bxd5 16. Qxd5 Qe8 $1 17. Qf3 $5 Qe6 18. Ne3 Ne4
19. Rd1 Rac8 20. Nd5 Rc2 $5 21. Nxf6+ $6 (21. Qd3 $1 Rfc8 22. f3 {
keeps the equality.}) 21... Nxf6 22. Rd2 Rc5 23. Rd4 Re8 24. Be3 Rf5 25. Qb7
Re5 {Black has the initiative.} 26. Qf3 h5 27. Rad1 $2 (27. Rd2 d6 28. b3 {
defends the a-pawn.}) 27... Qxa2 28. R4d2 Qa4 29. h3 $6 (29. Bd4 $5 Rxe2 30.
Bxf6 Rxd2 31. Rxd2 Re1+ 32. Kg2 gxf6 33. Qxh5 {
offers a strong resistance (Polgar).}) 29... Qb5 30. Bd4 Rf5 31. Qb7 Rxe2 32.
Bxf6 gxf6 $1 33. Qc8+ $5 Kg7 34. Rxd7 Rfxf2 35. Rxf7+ Kxf7 36. Rd7+ Re7 37.
Rxe7+ Kxe7 38. Qb7+ Ke6 39. Qe4+ Qe5 40. Qc6+ Kf5 {
If White captures the rook, Black achieves a won queen ending.} 0-1

[Event "Biel"]
[Site "40"]
[Date "2007.07.24"]
[Round "2"]
[White "Onischuk, Alexander"]
[Black "Grischuk, Alexander"]
[Result "1-0"]
[WhiteElo "2650"]
[BlackElo "2726"]
[Annotator "JvR"]
[PlyCount "71"]
[EventDate "2007.07.23"]
[SourceDate "2013.10.27"]

1. d4 d5 2. c4 c6 3. Nc3 Nf6 4. Nf3 dxc4 5. a4 Bf5 6. Ne5 e6 7. f3 Bb4 8. e4
Bxe4 9. fxe4 Nxe4 10. Bd2 Qxd4 11. Nxe4 Qxe4+ 12. Qe2 Bxd2+ 13. Kxd2 Qd5+ 14.
Kc2 Na6 15. Nxc4 O-O 16. Qe5 Rab8 17. a5 f6 18. Qxd5 cxd5 19. Ne3 Rfc8+ 20. Kb1
Nc5 21. Ra3 $5 {The first new move is made at last.} f5 22. Be2 Ne4 23. Rd1 Rc5
24. Nc2 Kf7 25. Nd4 Kf6 {Standard moves have been carried out.} 26. Rb3 Nd6 $6
({Better is} 26... e5 $1 27. Nb5 Ra8 $1) 27. g4 $1 {
The black pawn structure is attacked.} f4 $2 ({Preferable is} 27... Re8 $1 28.
Nb5 Nxb5 29. Rxb5 Rc7 30. gxf5 Kxf5 {and White has an edge.}) 28. g5+ $1 Ke7
29. Rh3 $5 Rh8 30. Bg4 e5 31. Ne6 Rxa5 32. Nxg7 Ne4 $5 33. Nf5+ Kd8 34. g6 $1
Nf6 ({The pointe is} 34... Nf2 35. Rxh7 $1 {(Onischuk).}) 35. g7 Re8 36. Bh5 $1
{Onischuk played an inspired game.} 1-0

[Event "Biel"]
[Site "40"]
[Date "2007.07.25"]
[Round "3"]
[White "Van Wely, Loek"]
[Black "Motylev, Alexander"]
[Result "0-1"]
[WhiteElo "2680"]
[BlackElo "2648"]
[Annotator "JvR"]
[PlyCount "75"]
[EventDate "2007.07.23"]
[SourceDate "2013.10.27"]

1. c4 e5 2. g3 Nc6 3. Bg2 g6 4. Nc3 Bg7 5. e4 d6 6. Nge2 Be6 7. d3 Nh6 8. h4
Nd4 $5 ({Known is} 8... Qd7) 9. Nxd4 exd4 10. Nd5 Ng4 11. Bh3 Nf6 12. Bg5 c6 $1
13. Nxf6+ Bxf6 14. Bxe6 fxe6 15. Qg4 Kd7 $5 16. Bd2 Rg8 17. h5 g5 18. b4 $5 Qe7
19. Ke2 Raf8 20. Rhc1 Be5 21. c5 Rg7 22. Rab1 Rgf7 23. Be1 $5 b6 $5 24. a4 Rf6
25. Rc2 Qf7 26. Kd1 Rh6 27. Rbc1 bxc5 28. bxc5 Rxh5 29. cxd6 Rh1 30. Qe2 $2 (
30. f4 $1 {takes the initiative.}) 30... Bxd6 31. Rxc6 $2 {
Loek allows a decisive blow.} Qxf2 $1 32. Qxf2 Rxf2 33. R6c4 Bxg3 34. Rxd4+ Ke7
35. e5 Rxe1+ 36. Kxe1 Rf4+ 37. Ke2 Rxd4 38. Rc7+ {
Van Wely collapsed at the end.} 0-1

[Event "Biel"]
[Site "40"]
[Date "2007.07.27"]
[Round "4"]
[White "Avrukh, Boris"]
[Black "Bu Xiangzhi"]
[Result "1-0"]
[WhiteElo "2645"]
[BlackElo "2690"]
[Annotator "JvR"]
[PlyCount "67"]
[EventDate "2007.07.23"]
[SourceDate "2013.10.27"]

1. d4 d5 2. c4 c6 3. Nc3 dxc4 4. e4 b5 5. a4 b4 6. Na2 Nf6 7. e5 Nd5 8. Bxc4 e6
9. Nf3 Be7 10. Bd2 a5 11. Nc1 Nd7 12. Nb3 Bb7 13. Qe2 O-O 14. Bd3 $5 c5 15. Qe4
{White attacks directly.} f5 $2 ({Correct is} 15... g6 16. Bh6 Re8) 16. exf6
N7xf6 17. Qxe6+ {White has gained a pawn.} Kh8 18. Ne5 $1 Bc8 19. Qc6 Rb8 20.
O-O Bb7 ({The pointe is} 20... Rb6 21. Qa8 $1 Bd6 22. Qxa5 {
and White wins (Avrukh).}) 21. Qe6 Bc8 22. Nf7+ $1 Rxf7 {
He avoids the smothered mate.} 23. Qxf7 Rb7 24. Bg5 $1 Bd6 25. Qh5 $1 c4 26.
Bxc4 Qc7 27. Qe2 Bxh2+ 28. Kh1 Nf4 29. Qe5 Qxc4 30. Rac1 Qg8 31. Bxf4 Ng4 32.
Qe4 Bxf4 33. Qxf4 Rf7 $2 34. Qxf7 $1 {Avrukh wins everything.} 1-0